Ronald Reagan's Posse Quiz Stats

 Plays Quiz Updated Sep 5, 2017

Challenge
Share
Tweet
Embed
Score 0/23 Timer 05:00
0 Plays Today
1981 - 1989 Answer % Correct
President✓ President
97.6%
Vice President✓ Vice President
94.8%
First Lady✓ First Lady
81.8%
First Family (5):
Daughter, Son, Daughter, Daughter, Son
✓ First Family
71.2%
Supreme Court Justice Appointment (4)✓ Justice Appointment
65.8%
Speaker of the House (2)✓ Speaker of the House
58.6%
Senate Majority Leader (3)✓ Senate Majority Leader
57.7%
Secretary of the Treasury (3)✓ Secretary of the Treasury
55.6%
Chief of Staff (4)✓ Chief of Staff
53.6%
Chief Justice of the Supreme Court (2)✓ Chief Justice
49%
Senate Minority Leader (2)✓ Senate Minority Leader
46.5%
Head of the Federal Reserve (2)✓ Head of the Federal Reserve
42%
1981 - 1989 Answer % Correct
Secretary of State (2)✓ Secretary of State
39%
National Security Advisor (6)✓ National Security Advisor
37%
Secretary of Defense (2)✓ Secretary of Defense
32.1%
Attorney General (3)✓ Attorney General
27.7%
Counselor to the President✓ Counselor to the President
26.7%
President pro tempore of the Senate (2)✓ President pro tempore
22.2%
Ambassador to the United Nations (2)✓ Ambassador
13.6%
Joint Chiefs' Chairman (3)✓ Joint Chiefs' Chairman
13.3%
Director of the CIA (2)✓ Director of the CIA
11.6%
Director of the FBI (3)✓ Director of the FBI
10.1%
House of Representatives Minority Leader✓ House Minority Leader
7.4%

You're not logged in!

Compare scores with friends on all Sporcle quizzes.
OR
Log In

You Might Also Like...

Show Comments

Extras

Top Quizzes Today


Score Distribution

Your Account Isn't Verified!

In order to create a playlist on Sporcle, you need to verify the email address you used during registration. Go to your Sporcle Settings to finish the process.

Report this User

Report this user for behavior that violates our Community Guidelines.

Details: